Quizzes
Events
Quiz Creation
Community
Videos
Private Events
Remove Ads
Sign In
Join for FREE
Feedback
Dark Mode
Quiz Categories
Sports
Geography
Music
Movies
Television
Just For Fun
Miscellaneous
History
Literature
Language
Science
Gaming
Entertainment
Religion
Holiday
For Kids
Quiz Lab
Recent
Popular Today
Quiz Kudos Today
Editor Picks
Curator Picks
Quizzes by...
Day
Popularity
Type
Ratings
Length
Year
Community
Subscriptions
Recent Discussions
Orange Saloon
Badges
Playlists
Quests
Create
Leaderboards
Showdown
Live 5
Trivia Bingo
Activity
Puzzle Library
Sporcle Events
Private Events
Virtual Trivia
Globe League
Become a Host
Pub Owners
SporcleCon
Opinionation
Our Games
Videos
Blog
Mobile Apps
Partnerships
Remove Ads and Go Orange
Feedback
Sports
Athletes
MLB
NBA
NHL
NFL
Soccer
Sports Teams
WWE
NCAA
Football
Premier League
Basketball
Baseball
Hockey
Golf
Tennis
Cricket
Rugby
Auto Racing
Olympics
World Cup
Sports
Athletes
MLB
NBA
NHL
NFL
Soccer
Sports Teams
WWE
NCAA
Football
Premier League
Basketball
Baseball
Hockey
Golf
Tennis
Cricket
Rugby
Auto Racing
Olympics
World Cup
Random Quiz
Search Sporcle
×
Quiz Lab
Quiz Lab
Sports
F1 Drivers
Type in answers that appear in a list
Type in answers that appear in a list
Classic
Best Score? Go Orange.
F1 2013 drivers teammates Stats
Can you name the 2013 drivers teammates?
By
Osku90
12m
92 Questions
581 Plays
581 Plays
581 Plays
Comments
Comments
Give Quiz Kudos
Give Quiz Kudos
-
- Ratings
hide this ad
Forced Order
Answers have to be entered in order
Answers have to be entered in order
Replay
Link that replays current quiz
Next Quiz
Link to next quiz in quiz playlist
You Got
0%
They Got
Avg Score
59%
Avg Friend Score
Upgrade to see
Score Distribution
Jump to the score distribution portion of the page
Score
0/92
Timer
12:00
0
Plays Today
% Correct
Romain Grosjean
87.7%
Felipe Massa
85.6%
Felipe Massa
85%
Lewis Hamilton
83%
Sergio Perez
82.1%
Sebastian Vettel
81.8%
Lewis Hamilton
79.7%
Fernando Alonso
78.3%
Mark Webber
77.5%
Nico Rosberg
77.4%
Jenson Button
77.2%
Lewis Hamilton
76.7%
David Coulthard
76.6%
Lewis Hamilton
75.4%
Rubens Barrichello
75.2%
Fernando Alonso
75.2%
David Coulthard
74.9%
Michael Schumacher
74.5%
Juan Pablo Montoya
74.3%
Kimi Raikkonen
73.8%
Jean-Eric Vergne
72.7%
Jenson Button
72.5%
Kimi Raikkonen
71.7%
Heikki Kovalainen
71.5%
Valtteri Bottas
70.4%
Max Chilton
69.7%
Nelson Piquet
69.4%
Jules Bianchi
69.4%
Giancarlo Fisichella
69.2%
Giancarlo Fisichella
69%
Adrian Sutil
69%
% Correct
Daniel Ricciardo
68.6%
Pastor Maldonado
68.4%
Michael Schumacher
67.9%
Nico Hulkenberg
67.7%
Charles Pic
66.4%
Nico Hulkenberg
66.3%
Romain Grosjean
66.1%
Esteban Gutierrez
65.8%
Romain Grosjean
65.5%
Paul di Resta
64.7%
Paul di Resta
64.5%
Luca Badoer
64.3%
Jarno Trulli
63.2%
Fernando Alonso
62.6%
Nico Rosberg
61.5%
Giedo van der Garde
61.1%
Mark Webber
60.1%
Nick Heidfeld
59.5%
Heikki Kovalainen
59.3%
Kamui Kobayashi
58.5%
Rubens Barrichello
57.4%
Rubens Barrichello
57.4%
Jerome d'Ambrosio
57.2%
Bruno Senna
57.2%
Sebastien Bourdais
57%
Takuma Sato
56.5%
Nick Heidfeld
55.3%
Jacques Villeneuve
55.2%
Jarno Trulli
54.9%
Giancarlo Fisichella
54.7%
Pedro de la Rosa
52.6%
% Correct
Jarno Trulli
52.2%
Giancarlo Fisichella
51.9%
Ralf Schumacher
51.3%
Timo Glock
51%
Alexander Wurz
50.1%
Kazuki Nakajima
49%
Giancarlo Fisichella
47.3%
Vitantonio Liuzzi
46.9%
Jacques Villeneuve
46.8%
Nick Heidfeld
45.8%
Vitantonio Liuzzi
45.1%
Vitaly Petrov
44.9%
Nick Heidfeld
43.7%
Antonio Pizzonia
41.5%
Alex Yoong
41.5%
Alex Yoong
40.1%
Alexander Wurz
40.1%
Jacques Villeneuve
39.6%
Anthony Davidson
39.4%
Christian Klien
39.2%
Narain Karthikeyan
38.5%
Tarso Marques
38.4%
Christijan Albers
37.1%
Karun Chandhok
36%
Markus Winkelhock
36%
Vitantonio Liuzzi
35.3%
Giancarlo Fisichella
34.9%
Justin Wilson
31.2%
Sakon Yamamoto
29.8%
Anthony Davidson
26.9%
Quiz Playlist
Details
Report
Send in Message
Add To Playlist
Classic:
Type in answers that appear in a list
Forced Order:
Answers have to be entered in order
Last Updated: Feb 16, 2017
Quiz Scoreboard
CHALLENGE
Sign Up to Join the Scoreboard
Show All
Scores
Hide
Comments
May contain spoilers
Recently Published
Movies - When Are They Set?
by FPL_Elf
Movies
5m
Popular People in 1961
by mucciniale
History
6m
1-10 Letter E Words III
by El_Dandy
Language
2m
More to Explore
Quiz From the Vault
Featured Blog Post
Where Did the Easter Bunny Come From?
hide this ad
You Might Also Like...
Tags
F1 Drivers
formula
Formula 1
Formula One
Today's Top Quizzes in Sports
Browse Sports
hide this ad
Today's Top Quizzes in F1 Drivers
Browse F1 Drivers
Top Contributed Quizzes in Sports
1
Les meilleurs buteurs des matchs entre le PSG et l’OM
2
FIFA Club World Cup Champions
3
Les entraîneurs de l'OM et du PSG au 21e siècle
4
2022 World Cup Stars
5
Name the Premier League winners with different clubs
6
La finale Lions - Afrique du Sud 2021
7
Criteria MLB: Left Handed Sluggers
8
Les joueurs passés par le LOSC et le RC Lens
9
Players with Multiple 50 Home Run Seasons
10
MLB Players with Two .350 Batting Average Seasons
Explore More
Trending Topics
Harry Potter
Kpop
Crossword
Anime
Marvel
NBA
Disney
The Office
Pokémon
Puzzle
Song
Country
NFL
Soccer
WWE
hide this ad
More By:
Osku90
Quiz
Plays
Rating
Category
Featured
Created
F1 drivers Top 100 points (real)
1,774
5.00
Sports
Jun 11, 2013
F1 Point Scorers since 1990
1,254
5.00
Sports
Oct 9, 2013
F1 top 3 drivers by year, without champions
977
5.00
Sports
Jan 20, 2014
F1 Race Winners Without Champions
692
3.44
Sports
Feb 3, 2014
Teams of 2000s F1 drivers
631
3.90
Sports
Jul 29, 2013
Go to Creator's Profile
Score Distribution
Quiz Creator Spotlight
Osku90
Follow
Send a Message
Quizzes Created
-
Created Quiz Play Count
-
More By This Creator
Popular Quizzes Today
1
Find the Countries of Europe - No Outlines Minefield
2
Find the US States - No Outlines Minefield
3
The Countries of the World
4
Popular People in 1961
5
US States
6
1-10 Letter E Words III
7
Find the US States
8
One Thing in Common: World Cities II
More Sports Quizzes
EFL Cup Semi-Finalists
Quiz Lab
Trending Quizzes
Risky Map Clicking: Least Populous States A-Z
1-10 Letter F Words
Humor Books: The Subtitles
1-10 Letter G Words
One Thing in Common: United Kingdom
Recently Updated
Leaping Animals
pecheneg
Reality TV Shows (A-Z)
bhenderson79
Rickey Henderson's Hall of Fame Teammates
pecheneg
Champions League XIs: Arsenal
pecheneg
Quick Pick: Celebrities in WWE's Hall of Fame
aduchscher
A-Z Keypad Blitz II
pecheneg
Multiple Oscar Actors
pecheneg
Mystery Phrase Blitz: Oscar 'Best Actors'
pecheneg
F. Scott Fitzgerald Novels
LTH
Pick 3 Villains
ddd62291
Trending Topics
Kpop
Crossword
Marvel
Disney
NBA
Anime
Harry Potter
WWE
The Office
NFL
Country
Soccer
Song
Puzzle
Pokémon
Your Account Isn't Verified!
In order to create a playlist on Sporcle, you need to verify the email address you used during registration. Go to your
Sporcle Settings
to finish the process.
Report this User
Report this user for behavior that violates our
Community Guidelines
.
Details:
Send Report
Go to the Sporcle.com Mobile Site →
Comments